| Поле | Инд. | ПП | Название | Значение |
|---|---|---|---|---|
| Тип записи | a | |||
| Библиографический уровень | b | |||
| 001 | Контрольный номер | RU/IS/BASE/117129776 | ||
| 005 | Дата корректировки | 20200630193207.4 | ||
| 084 | a | Индекс другой классификации/Индекс ББК | 88.413-7-8; 88.621.3 | |
| 100 | 1_ | a | Автор | Левченкова Т. В. |
| q | Полное имя | Левченкова Татьяна Викторовна | ||
| 245 | a | Заглавие | Особенности физкультурно-оздоровительных и коррекционных занятий с детьми дошкольного возраста | |
| 650 | a | Основная рубрика | возрастная психология | |
| a | Основная рубрика | детская психология | ||
| a | Основная рубрика | педагогическая психология | ||
| a | Основная рубрика | психокоррекция | ||
| a | Основная рубрика | психология | ||
| a | Основная рубрика | психология личности | ||
| 653 | a | Ключевые слова | дошкольники | |
| a | Ключевые слова | дошкольные учреждения | ||
| a | Ключевые слова | коррекционно-реабилитационная работа | ||
| a | Ключевые слова | практическая психология (прикладная психология) | ||
| a | Ключевые слова | психическое здоровье | ||
| a | Ключевые слова | психология обучения | ||
| a | Ключевые слова | психолого-педагогическая коррекция | ||
| a | Ключевые слова | психофизическое состояние | ||
| a | Ключевые слова | развивающие методики | ||
| a | Ключевые слова | физическое воспитание | ||
| a | Ключевые слова | физическое здоровье | ||
| a | Ключевые слова | физкультурно-оздоровительная деятельность | ||
| 773 | t | Заглавие источника | Вестник психосоциальной и коррекционно-реабилитационной работы | |
| d | Дата издания источника | 2003 | ||
| g | Прочая информация | № 1. - С. 53 - 56 | ||
| w | Контрольный № источника | RU/IS/BASE/102006268 | ||
| 901 | t | Тип документа | b |